000 00741nam a2200205 i 4500
001 34011
003 ES-MaACL
005 20230906154847.0
007 t|
008 030204s1948 sp ||||1| spa d
100 1 _aBoehler, Lorenz.
_929730
245 1 0 _aTécnica del tratamiento de las fracturas /
_cpor Lorenz Böhler ; traducción de la séptima edición alemana por Guillermo Schnéider y F. Jimeno Vidal.
250 _a3ª ed., reimp.
260 _aBarcelona :
_bLabor,
_c1948 (
_fTalls. Gráfs. Iberoamericanos)
300 _a2 t., 27 lám. :
_bil. ;
_c25 cm.
650 0 4 _aFracturas óseas-
_xTratamiento.
_912976
700 1 _aSchnéider, Guillermo.
_9104560
700 1 _aJimeno Vidal, F.
_966660
852 _aES-MaACL
_jE-1451-52
999 _c34011
_d34011